000 00522cam a22001337a 4500
008 180718b-- xxu||||| |||| 00| 0 eng d
082 _aL906x54 P
245 _aReport of the Comptroller and Auditor General of India, Union Government (Post and Telecommunications)
260 _aNew Delhi
_bComptroller and Auditor General of India
_c--
500 _aLibrary has 1991/92-1999/2000
650 _aTelegraph - Auditing - India
650 _aPostal service - Auditing - India
700 _aComptroller and Auditor General of India
999 _c486011
_d486011